Culture Générale - Série 796 - Statistiques

Statistiques générales
  • Ce quiz a été pris 130 fois
  • Le résultat moyen est 7 sur 10
Statistiques - réponses
Question Réponse % Correct
Au cinéma, un film en V.O. est en version... Originale
99%
Durant la guerre froide, quelle couleur a-t-on attribué au téléphone, qui permettait d'établir une liaison directe, entre la Maison-Blanche et le Kremlin ? rouge
98%
Dans quel pays les villes de Fès et Meknès sont-elles situées ? Maroc
95%
Dans le sigle américain "FBI", à quel mot correspond la lettre "F" ? Federal
83%
Quelle comédienne est "Peau d'Âne" dans un film de Jacques Demy en 1970 ? Catherine Deneuve
78%
Dans "Le Livre de la Jungle", de Rudyard Kipling, comment s'appelle le "petit d'homme" ? Mowgli
78%
Dans quel quartier de Monaco se trouve le Casino, inauguré en 1865 ? Monte Carlo
70%
Quel journaliste sportif anime l'émission "Koh-Lanta" sur TF1 ? Denis Brogniart
67%
Lors du festival de Cannes 1995, qui rend hommage à Jeanne Moreau en chantant “Le Tourbillon” ? Vanessa Paradis
54%
Quelle est l'unité monétaire de l'Albanie ? lek
13%
Aucun quiz correspondant
Distribution des résultats
% des personnes avec chaque résultat
Percentile par nombre de réponses
Votre historique - résultats
Vous n’avez pas pris ce quiz